[Event "4th American Continental (w)"]
[Site "San Luis ARG"]
[Date "2007.09.03"]
[Round "7.2"]
[White "Ramon Pita, Vivian"]
[Black "Zuriel, Marisa"]
[Result "1/2-1/2"]
[WhiteElo "2279"]
[BlackElo "2184"]
[EventDate "2007.08.28"]
[PlyCount "56"]

1.d4 Nf6 2.c4 g6 3.g3 Bg7 4.Bg2 O-O 5.Nf3 d6 6.O-O Nc6 7.Nc3 a6 8.Re1 e5 
9.e4 Bg4 10.d5 Nd4 11.Qd3 Nd7 12.Nxd4 exd4 13.Ne2 Qf6 14.Qb3 Nc5 15.Qa3 b5
16.Nf4 bxc4 17.h3 Bd7 18.Bd2 Rfe8 19.Rac1 Bb5 20.h4 Bh6 21.Rcd1 Bxf4 22.
Bxf4 Nd3 23.Rxd3 cxd3 24.Qa5 Qd8 25.Qb4 Qf6 26.a4 Bd7 27.Qc4 Rab8 28.b3 
Rb7 1/2-1/2

[Event "4th American Continental (w)"]
[Site "San Luis ARG"]
[Date "2007.09.03"]
[Round "7.3"]
[White "Marrero Lopez, Yaniet"]
[Black "Amura, Claudia"]
[Result "1/2-1/2"]
[WhiteElo "2308"]
[BlackElo "2344"]
[EventDate "2007.08.28"]
[PlyCount "64"]

1.e4 g6 2.d4 Bg7 3.Nc3 d6 4.f4 Nf6 5.Nf3 c5 6.Bb5+ Bd7 7.e5 Ng4 8.Bxd7+ 
Qxd7 9.d5 Na6 10.h3 Nh6 11.g4 Nc7 12.Be3 b5 13.Qd2 b4 14.Ne2 dxe5 15.fxe5 
Qxd5 16.Qxd5 Nxd5 17.Bxc5 Rc8 18.Bxa7 Rxc2 19.Rd1 e6 20.Rd2 Rc8 21.a3 Bf8 
22.Rd3 bxa3 23.bxa3 Ra8 24.Bd4 Bxa3 25.Kf2 O-O 26.Nc3 Nxc3 27.Rxc3 Bb2 28.
Rd3 Ra2 29.Bxb2 Rxb2+ 30.Kg3 Kg7 31.Rd7 Re2 32.Rh2 Rxh2 1/2-1/2

[Event "4th American Continental (w)"]
[Site "San Luis ARG"]
[Date "2007.09.03"]
[Round "7.4"]
[White "Pina Vega, Sulennis"]
[Black "Lujan, Carolina"]
[Result "1-0"]
[WhiteElo "2294"]
[BlackElo "2394"]
[EventDate "2007.08.28"]
[PlyCount "87"]

1.e4 c5 2.b3 Nc6 3.Bb2 d6 4.Bb5 e5 5.Ne2 Ne7 6.O-O g6 7.f4 Bg7 8.Ng3 h5 9.
Bxc6+ Nxc6 10.d3 Bg4 11.Qd2 Bh6 12.h3 Qh4 13.Qe1 Bxf4 14.Rxf4 exf4 15.Bxh8
fxg3 16.Nd2 O-O-O 17.Bc3 Bxh3 18.gxh3 Qxh3 19.Qe2 h4 20.Rf1 Rd7 21.Rf4 f5 
22.Qg2 Qxg2+ 23.Kxg2 g5 24.Rxf5 Rh7 25.Rxg5 h3+ 26.Kh1 g2+ 27.Kh2 Ne7 28.
Nf3 Rf7 29.Ng1 Rf2 30.Kxh3 Rxc2 31.Bf6 Nc6 32.Rxg2 Rxg2 33.Kxg2 Nb4 34.Bc3
Nxd3 35.Ne2 b5 36.Kf3 c4 37.bxc4 bxc4 38.Ke3 Kd7 39.Kd4 Nf2 40.Kd5 a6 41.
Bd4 Ng4 42.Kxc4 Kc6 43.Nc3 a5 44.a4 1-0

[Event "4th American Continental (w)"]
[Site "San Luis ARG"]
[Date "2007.09.03"]
[Round "7.5"]
[White "Nejanky, Maisa"]
[Black "Buttner, Natalia"]
[Result "1/2-1/2"]
[WhiteElo "2068"]
[BlackElo "2064"]
[EventDate "2007.08.28"]
[PlyCount "76"]

1.e4 d5 2.exd5 Qxd5 3.Nc3 Qd6 4.d4 Nf6 5.Nf3 a6 6.a4 Bg4 7.Be2 e6 8.O-O 
Be7 9.Ne5 Bxe2 10.Nxe2 Nbd7 11.Bf4 Nxe5 12.Bxe5 Qd8 13.Ng3 O-O 14.Qf3 Qd5 
15.Qd3 Rac8 16.Rfd1 Ng4 17.Bf4 Bg5 18.c4 Qd8 19.Bxg5 Qxg5 20.Qf3 c6 21.Ne4
Qh4 22.h3 Nf6 23.Nxf6+ Qxf6 24.Qxf6 gxf6 25.a5 Rfd8 26.Kf1 Rd7 27.Ra3 Rcd8
28.Rad3 Kf8 29.Ke2 Ke7 30.f4 f5 31.Ke3 h5 32.g3 Kf6 33.Ke2 Ke7 34.Kf3 Kf6 
35.Ke3 Ke7 36.Rg1 Kf6 37.Rgd1 Ke7 38.Kf3 Kf6 1/2-1/2

[Event "4th American Continental (w)"]
[Site "San Luis ARG"]
[Date "2007.09.03"]
[Round "7.6"]
[White "Amed, Stephanie"]
[Black "Carraro, Denise"]
[Result "1-0"]
[WhiteElo "2082"]
[BlackElo "2048"]
[EventDate "2007.08.28"]
[PlyCount "129"]

1.c4 e5 2.Nc3 Nf6 3.g3 Bb4 4.Bg2 O-O 5.a3 Bxc3 6.bxc3 Nc6 7.e4 d6 8.Ne2 
Be6 9.d3 Qd7 10.h3 Rae8 11.Rb1 b6 12.Be3 Kh8 13.g4 Ng8 14.Ng3 g6 15.Qa4 
Na5 16.Qxd7 Bxd7 17.O-O Ba4 18.Rb2 Kg7 19.f4 f6 20.Rff2 Ne7 21.Bf1 Rd8 22.
Rbd2 c5 23.Rf3 Nec6 24.Rdf2 Rd7 25.h4 Rdf7 26.f5 Ne7 27.g5 Bd1 28.fxg6 
Nxg6 29.Nf5+ Kh8 30.Nxd6 Bxf3 31.Nxf7+ Rxf7 32.Rxf3 Nxh4 33.Rxf6 Rxf6 34.
gxf6 Kg8 35.Be2 Nc6 36.Bg5 Ng6 37.Bg4 Kf7 38.Kf2 Na5 39.Ke3 h6 40.Bxh6 
Kxf6 41.a4 Nc6 42.Bd7 Nd8 43.Kf3 Nh4+ 44.Kg4 Ke7 45.Bb5 Nf7 46.Be3 Ng6 47.
d4 exd4 48.cxd4 cxd4 49.Bxd4 Nfe5+ 50.Kf5 Kd6 51.a5 Nh4+ 52.Kf6 Ng4+ 53.
Kf7 Nf3 54.axb6 axb6 55.Bxb6 Ng5+ 56.Kg6 Nxe4 57.Kf5 Ngf6 58.Bd4 Ke7 59.
Be5 Kf7 60.Bc6 Nd2 61.Bxf6 Nb3 62.Bd5+ Ke8 63.Ke6 Nc5+ 64.Kd6 Nd7 65.Bc6 
1-0

[Event "4th American Continental (w)"]
[Site "San Luis ARG"]
[Date "2007.09.03"]
[Round "7.8"]
[White "Ubaldo Suarez, Maria Gisela"]
[Black "Zepeda Cortez, Sonia"]
[Result "1/2-1/2"]
[WhiteElo "2077"]
[BlackElo "2045"]
[EventDate "2007.08.28"]
[PlyCount "153"]

1.d4 d5 2.c4 e6 3.Nc3 c6 4.cxd5 exd5 5.Nf3 Nf6 6.Bg5 Be7 7.e3 Bg4 8.Be2 
Nbd7 9.Qc2 O-O 10.O-O Re8 11.Rfe1 Nf8 12.Bxf6 Bxf6 13.b4 Be7 14.Rab1 Bd6 
15.Nd2 Bxe2 16.Rxe2 Re6 17.Nf1 Rh6 18.f4 Nd7 19.b5 Nb6 20.bxc6 bxc6 21.Nd2
Re6 22.Qd3 Qe8 23.Nf3 f6 24.Nd2 Qf7 25.a4 Rae8 26.a5 Nc4 27.Nxc4 dxc4 28.
Qd2 Qe7 29.e4 Bb4 30.Rbe1 Bxa5 31.f5 Rd6 32.Qa2 Bb6 33.Qxc4+ Qf7 34.Qxf7+ 
Kxf7 35.Kf1 Rxd4 36.Ra1 Re5 37.g3 Rd3 38.Nd1 Rb5 39.Nf2 Rdb3 40.Kg2 Rb2 
41.Ra2 Bd4 42.Nd3 Rxe2+ 43.Rxe2 Rb3 44.Nf4 Rb2 45.Rxb2 Bxb2 46.Ne6 Ke7 47.
Kf1 a5 48.Ke2 g6 49.Kd3 gxf5 50.exf5 a4 51.Kc2 a3 52.g4 Kd6 53.h4 h6 54.
Nd8 Bd4 55.Kb3 Bf2 56.h5 Be3 57.Kxa3 Kd5 58.Kb3 c5 59.Nf7 Kd4 60.Kc2 Bf4 
61.Nd8 Ke4 62.Ne6 Bd6 63.Nd8 Kf3 64.g5 fxg5 65.f6 g4 66.Nf7 Bf8 67.Ne5+ 
Kf4 68.Ng6+ Kg5 69.Nxf8 Kxf6 70.Kd2 c4 71.Nd7+ Kg5 72.Ne5 g3 73.Ke2 Kxh5 
74.Nxc4 Kg4 75.Ne3+ Kf4 76.Ng2+ Ke4 77.Nh4 1/2-1/2

[Event "4th American Continental (w)"]
[Site "San Luis ARG"]
[Date "2007.09.03"]
[Round "7.9"]
[White "Maggiolo, Elisa"]
[Black "Chang, Suzana"]
[Result "0-1"]
[WhiteElo "2119"]
[BlackElo "2091"]
[EventDate "2007.08.28"]
[PlyCount "142"]

1.e4 e5 2.Nf3 Nc6 3.Bb5 a6 4.Ba4 Nf6 5.d3 d6 6.O-O Be7 7.c3 O-O 8.Nbd2 b5 
9.Bc2 Re8 10.Re1 Bf8 11.a4 Bg4 12.h3 Bh5 13.Nf1 h6 14.Ng3 Bxf3 15.Qxf3 Rb8
16.axb5 axb5 17.Nf5 Kh7 18.Ra6 Rb6 19.Rxb6 cxb6 20.Bb3 d5 21.exd5 Na5 22.
Ba2 g6 23.Ne3 Bg7 24.Bd2 e4 25.dxe4 Nxe4 26.Bc1 f5 27.Nf1 Nc4 28.Qd3 Qc7 
29.Ng3 Nc5 30.Qf1 Rxe1 31.Qxe1 Nd3 32.Qd1 Ncxb2 33.d6 Qc5 34.Qd2 Qxc3 35.
Qxc3 Bxc3 36.Ne2 Bf6 37.Be3 Nc5 38.Bd4 Kg7 39.Bd5 Nc4 40.d7 Nxd7 41.Bc6 
Nc5 42.Bxb5 Nd6 43.Bc6 Kf7 44.Kf1 Nde4 45.f3 Nd6 46.Ke1 Bxd4 47.Nxd4 Nd3+ 
48.Kd2 Nf4 49.Ne2 Nxg2 50.Kd3 g5 51.Kd4 Ke6 52.Bd5+ Kf6 53.Bc6 Nf7 54.Nc3 
Nf4 55.Bb5 Ne5 56.Ke3 Nxh3 57.Nd5+ Ke6 58.Nxb6 h5 59.Na4 f4+ 60.Ke2 Ng1+ 
61.Kf2 Ngxf3 62.Nc3 g4 63.Ba6 g3+ 64.Kf1 h4 65.Ne4 Nh2+ 66.Kg1 Kf5 67.Nd6+
Kg4 68.Bc8+ Kf3 69.Bb7+ Ke2 70.Ba6+ Ke1 71.Ne4 h3 0-1

[Event "4th American Continental (w)"]
[Site "San Luis ARG"]
[Date "2007.09.03"]
[Round "7.11"]
[White "Justo, Virginia"]
[Black "Burijovich, Liliana"]
[Result "0-1"]
[WhiteElo "2148"]
[BlackElo "2227"]
[EventDate "2007.08.28"]
[PlyCount "62"]

1.e4 c5 2.Nf3 Nc6 3.d4 cxd4 4.Nxd4 Qb6 5.Nb3 Nf6 6.Nc3 e6 7.g3 Bb4 8.Bg2 
d5 9.exd5 Nxd5 10.Bd2 Nxc3 11.Bxc3 Bxc3+ 12.bxc3 O-O 13.O-O e5 14.Qe2 Bf5 
15.Rab1 Qc7 16.Nc5 Rab8 17.Nd3 Rfe8 18.Rb5 f6 19.Rfb1 b6 20.Bd5+ Kh8 21.
Qe3 Rbc8 22.Ne1 Na5 23.Qf3 Bg6 24.R5b2 Qxc3 25.Qg2 e4 26.h4 Rc5 27.Bb3 Rd8
28.g4 h6 29.Qh2 e3 30.Nd3 Bxd3 31.cxd3 e2 0-1

[Event "4th American Continental (w)"]
[Site "San Luis ARG"]
[Date "2007.09.03"]
[Round "7.12"]
[White "Airapetian, Chouchanik"]
[Black "Malajovich, Sandra"]
[Result "0-1"]
[WhiteElo "2162"]
[BlackElo "2095"]
[EventDate "2007.08.28"]
[PlyCount "150"]

1.e4 c5 2.Nf3 Nc6 3.d4 cxd4 4.Nxd4 g6 5.Nc3 Bg7 6.Be3 d6 7.Qd2 Nf6 8.f3 
O-O 9.Bc4 Bd7 10.O-O-O Qa5 11.Nb3 Qc7 12.Be2 Rfc8 13.g4 Be6 14.h4 Na5 15.
h5 Nxb3+ 16.cxb3 Nd7 17.Kb1 Bxc3 18.bxc3 Qxc3 19.Qxc3 Rxc3 20.Bd4 Rcc8 21.
f4 f6 22.Rdg1 a6 23.g5 f5 24.hxg6 hxg6 25.Rh8+ Kf7 26.Rh7+ Ke8 27.Bd3 Nf8 
28.Rg7 fxe4 29.Bxe4 d5 30.Bd3 Bf7 31.f5 gxf5 32.Bxf5 Be6 33.Bd3 Bh3 34.Be5
Nd7 35.Bg6+ Kf8 36.Bb2 e5 37.Rh7 Be6 38.Ba3+ Kg8 39.Re7 Nf8 40.Bc2 b5 41.
Bd6 Re8 42.g6 Rxe7 43.Bxe7 Re8 44.Bd6 Nd7 45.g7 Rc8 46.Kb2 Rc6 47.Be7 Rc7 
48.Rg6 Rxc2+ 49.Ka3 Rc6 50.Bb4 d4 51.Rg1 Bd5 52.Bd2 Be4 53.Re1 Bh7 54.Kb4 
Kxg7 55.a4 bxa4 56.bxa4 Bd3 57.Rh1 e4 58.Bf4 Re6 59.Rd1 Nf6 60.Kc5 Bc2 61.
Rg1+ Kf7 62.Kxd4 Bxa4 63.Be5 Bb5 64.Re1 Bd3 65.Rc1 Ng4 66.Bf4 Re7 67.Rg1 
Nf6 68.Bg5 Rd7+ 69.Ke5 Rd5+ 70.Kf4 a5 71.Ke3 a4 72.Bxf6 Kxf6 73.Ra1 Ra5 
74.Kd4 a3 75.Ra2 Bb1 0-1

[Event "4th American Continental (w)"]
[Site "San Luis ARG"]
[Date "2007.09.03"]
[Round "7.13"]
[White "Mateus Urbano, Martha"]
[Black "Lovece, Ruth"]
[Result "1/2-1/2"]
[WhiteElo "2127"]
[BlackElo "2005"]
[EventDate "2007.08.28"]
[PlyCount "134"]

1.e4 c6 2.d4 d5 3.e5 Bf5 4.Nf3 e6 5.a3 Nd7 6.Nbd2 c5 7.dxc5 Bxc5 8.b4 Bb6 
9.Bb2 Ne7 10.Be2 O-O 11.O-O Bc7 12.Re1 Nc6 13.Bb5 a5 14.Bxc6 bxc6 15.Nd4 
c5 16.Nxf5 exf5 17.Nb3 c4 18.Nxa5 Bxa5 19.bxa5 Qxa5 20.Qf3 Qb6 21.Bc3 Qe6 
22.Bd4 Rfb8 23.a4 Ra6 24.a5 Rb5 25.Qc3 Nf8 26.Reb1 Qc6 27.Bb6 Ne6 28.Qh3 
g6 29.Qh4 Qd7 30.h3 Qc6 31.Rxb5 Qxb5 32.Rd1 d4 33.Bxd4 Rxa5 34.Bc3 Ra8 35.
Qf6 Re8 36.Kh2 Qb7 37.h4 Qa7 38.f3 Qe7 39.Qxe7 Rxe7 40.Rd6 Rc7 41.h5 Kg7 
42.hxg6 hxg6 43.Kg1 Kf8 44.Kf2 Ke8 45.g3 Nc5 46.Ke3 Ne6 47.Bb4 Rc8 48.f4 
Rb8 49.c3 Rc8 50.Rd5 Rc7 51.Bd6 Rd7 52.Rb5 Rd8 53.Rb7 Rd7 54.Rb4 f6 55.
Rxc4 fxe5 56.fxe5 Ng5 57.Rc8+ Kf7 58.Rc7 Rxc7 59.Bxc7 Ne4 60.c4 Ke6 61.g4 
Nc5 62.gxf5+ gxf5 63.Bd6 Nb3 64.Kd3 Na5 65.c5 Nc6 66.Kc4 Nxe5+ 67.Bxe5 
Kxe5 1/2-1/2

[Event "4th American Continental (w)"]
[Site "San Luis ARG"]
[Date "2007.09.04"]
[Round "8.1"]
[White "Sanchez Castillo, Sarai"]
[Black "Ramon Pita, Vivian"]
[Result "1/2-1/2"]
[WhiteElo "2340"]
[BlackElo "2279"]
[EventDate "2007.08.28"]
[PlyCount "66"]

1.e4 e5 2.Nf3 Nc6 3.d4 exd4 4.Nxd4 Nf6 5.Nxc6 bxc6 6.e5 Qe7 7.Qe2 Nd5 8.c4
Nb6 9.Nc3 a5 10.Qe4 g6 11.Bd3 Bg7 12.O-O O-O 13.f4 Ba6 14.Kh1 Qe6 15.c5 
Nd5 16.Bxa6 Rxa6 17.Qd3 Raa8 18.Rd1 Nxc3 19.Qxc3 f6 20.exf6 Bxf6 21.Qf3 
Rf7 22.Qb3 Qe2 23.Bd2 a4 24.Qb7 Raf8 25.Rab1 Bd4 26.Qb4 Bg7 27.Qxa4 g5 28.
Qb3 gxf4 29.Qf3 Qc4 30.a3 Bd4 31.b4 Be5 32.a4 Qa6 33.a5 d6 1/2-1/2

[Event "4th American Continental (w)"]
[Site "San Luis ARG"]
[Date "2007.09.04"]
[Round "8.2"]
[White "Zuriel, Marisa"]
[Black "Cori Tello, Deysi"]
[Result "1-0"]
[WhiteElo "2184"]
[BlackElo "2144"]
[EventDate "2007.08.28"]
[PlyCount "113"]

1.e4 e6 2.d3 d5 3.Nd2 Nf6 4.Ngf3 b6 5.c3 dxe4 6.dxe4 Bb7 7.Qc2 Nbd7 8.Be2 
Be7 9.O-O O-O 10.Re1 h6 11.a4 a5 12.h3 Nc5 13.Bf1 Nh5 14.b4 Nd7 15.Qb3 Nf4
16.Nc4 Ng6 17.Ba3 axb4 18.cxb4 Nf6 19.Nfd2 Qd7 20.Bb2 Rfd8 21.g3 Bc6 22.b5
Bb7 23.Bc3 Bc5 24.a5 Rac8 25.a6 Ba8 26.Rad1 Qe7 27.Nb2 Nh5 28.Kg2 Qg5 29.
Nf3 Qe7 30.Nd3 Bd6 31.Qb2 Rf8 32.Bb4 f5 33.e5 Bxb4 34.Qxb4 Qf7 35.Be2 f4 
36.Rf1 Qf5 37.g4 Nh4+ 38.Kh2 Nxf3+ 39.Bxf3 Qg5 40.Bxa8 f3 41.Bb7 Rcd8 42.
Qc4 Rde8 43.a7 Nf4 44.Nxf4 Rxf4 45.Rd4 Rff8 46.Re4 h5 47.a8=Q hxg4 48.Rxg4
Qxe5+ 49.Rg3 Rxa8 50.Bxa8 Rxa8 51.Qd3 Rf8 52.Rg1 Rf7 53.Qd8+ Kh7 54.Qd3+ 
Kg8 55.Kh1 Qh5 56.Qd8+ Kh7 57.Qg5 1-0

[Event "4th American Continental (w)"]
[Site "San Luis ARG"]
[Date "2007.09.04"]
[Round "8.3"]
[White "Pina Vega, Sulennis"]
[Black "Marrero Lopez, Yaniet"]
[Result "1/2-1/2"]
[WhiteElo "2294"]
[BlackElo "2308"]
[EventDate "2007.08.28"]
[PlyCount "47"]

1.g3 d5 2.Bg2 e5 3.d3 c6 4.Nd2 Nf6 5.e4 Bg4 6.Ngf3 Nbd7 7.h3 Bh5 8.Qe2 Qc7
9.O-O Be7 10.Re1 O-O 11.g4 Bg6 12.Nh4 dxe4 13.dxe4 Nc5 14.Nf5 Ne6 15.Nf3 
Rfe8 16.c3 Bf8 17.N3h4 Rad8 18.Qf3 Nf4 19.Bf1 Rd7 20.Ng2 Nxg2 21.Kxg2 Bxf5
22.Qxf5 Qd6 23.Bg5 Qe6 24.Bxf6 1/2-1/2

[Event "4th American Continental (w)"]
[Site "San Luis ARG"]
[Date "2007.09.04"]
[Round "8.4"]
[White "Amura, Claudia"]
[Black "Buttner, Natalia"]
[Result "1-0"]
[WhiteElo "2344"]
[BlackElo "2064"]
[EventDate "2007.08.28"]
[PlyCount "101"]

1.d4 e6 2.c4 Nf6 3.Nc3 Bb4 4.Nf3 b6 5.Bg5 Bb7 6.e3 h6 7.Bh4 Bxc3+ 8.bxc3 
d6 9.Nd2 Nbd7 10.f3 Qe7 11.Bd3 c5 12.Qe2 e5 13.O-O g5 14.Bf2 Rg8 15.d5 Bc8
16.a4 Rb8 17.a5 bxa5 18.Rxa5 a6 19.Raa1 Qd8 20.Rfb1 Rxb1+ 21.Rxb1 Qc7 22.
Qd1 Ke7 23.Qa4 Bb7 24.Nf1 Rb8 25.Ng3 Kd8 26.Nf5 Ng8 27.h4 Bc8 28.Qc6 Rxb1+
29.Bxb1 Qxc6 30.dxc6 Nb8 31.Nxd6 Be6 32.Be4 Ne7 33.Nb7+ Kc7 34.Nxc5 Bxc4 
35.Bd3 Bxd3 36.Nxd3 Nbxc6 37.e4 Kd6 38.Kh2 a5 39.Kh3 f5 40.exf5 Nxf5 41.
hxg5 hxg5 42.Kg4 Ng7 43.Kxg5 Ne6+ 44.Kf5 a4 45.Nb2 Nf4 46.g3 Ne7+ 47.Ke4 
Ne2 48.Nxa4 Nd5 49.Kd3 Nc1+ 50.Kc2 Ne2 51.Kd2 1-0

[Event "4th American Continental (w)"]
[Site "San Luis ARG"]
[Date "2007.09.04"]
[Round "8.5"]
[White "Lujan, Carolina"]
[Black "Nejanky, Maisa"]
[Result "0-1"]
[WhiteElo "2394"]
[BlackElo "2068"]
[EventDate "2007.08.28"]
[PlyCount "183"]

1.e4 c5 2.Nf3 d6 3.d4 Nf6 4.Nc3 cxd4 5.Nxd4 Nc6 6.Bg5 e6 7.Qd2 a6 8.O-O-O 
Bd7 9.f4 b5 10.Nxc6 Bxc6 11.Bd3 Be7 12.Rhe1 O-O 13.Re3 b4 14.Ne2 e5 15.h4 
a5 16.Ng3 exf4 17.Bxf4 Ng4 18.Rf3 Bf6 19.Nf5 Ne5 20.Rg3 g6 21.h5 Kh8 22.
Nd4 Bd7 23.Rh1 Rg8 24.hxg6 fxg6 25.Nf3 a4 26.Bxe5 dxe5 27.Qxb4 a3 28.b3 
Qc7 29.Bc4 Rg7 30.Ng5 Bxg5+ 31.Rxg5 Rc8 32.Rf1 Be6 33.Rf8+ Rg8 34.Rxg8+ 
Bxg8 35.Qc3 Re8 36.Qb4 Bxc4 37.Qxc4 Qxc4 38.bxc4 Kg7 39.Kd2 Rd8+ 40.Kc3 
Kf6 41.Rg3 Rb8 42.Kd2 Rd8+ 43.Rd3 Ra8 44.Rb3 Rd8+ 45.Ke3 Rd4 46.Rxa3 Rxc4 
47.c3 Rc5 48.Kd3 Kg5 49.Rb3 Kg4 50.a4 Ra5 51.Ra3 Kf4 52.Ra2 h5 53.c4 h4 
54.Kc3 Kxe4 55.Kb4 Ra8 56.c5 Kd3 57.c6 e4 58.Kc5 e3 59.Ra3+ Kd2 60.Kb6 e2 
61.Ra2+ Kd3 62.Ra1 Rxa4 63.Rc1 Rc4 64.Rxc4 e1=Q 65.Rc5 Qb4+ 66.Rb5 Qd4+ 
67.Kb7 Qe4 68.Kb6 Qxg2 69.c7 Qc2 70.Rc5 Qb2+ 71.Kc6 Qf6+ 72.Kb7 Qe7 73.Kc6
Qe6+ 74.Kb7 Qe7 75.Kc6 Qe4+ 76.Kd6 Qf4+ 77.Kc6 Qf6+ 78.Kb7 Qf3+ 79.Kb8 Qf4
80.Kb7 Qb4+ 81.Kc6 Qa4+ 82.Kd6 Qf4+ 83.Kc6 Qf8 84.Rd5+ Ke4 85.Rd8 Qf6+ 86.
Rd6 Qc3+ 87.Kd7 h3 88.Rxg6 h2 89.Rc6 Qd4+ 90.Rd6 Qg7+ 91.Kc6 h1=Q 92.c8=Q 
0-1

[Event "4th American Continental (w)"]
[Site "San Luis ARG"]
[Date "2007.09.04"]
[Round "8.6"]
[White "Plazaola, Maria De los Angeles"]
[Black "Amed, Stephanie"]
[Result "0-1"]
[WhiteElo "2061"]
[BlackElo "2082"]
[EventDate "2007.08.28"]
[PlyCount "114"]

1.e4 c5 2.Nf3 Nc6 3.Nc3 Nf6 4.Bc4 d6 5.d4 cxd4 6.Nxd4 Bd7 7.O-O Rc8 8.Bb3 
a6 9.Kh1 e5 10.Nf5 Bxf5 11.exf5 Nd4 12.Re1 Be7 13.Bd5 Nxd5 14.Nxd5 Nxc2 
15.Re4 Nxa1 16.Bd2 Nc2 17.Bc3 Rc5 18.f4 O-O 19.fxe5 dxe5 20.Nxe7+ Qxe7 21.
Qxc2 Rd8 22.h3 Rcd5 23.Qf2 Qc5 24.Qg3 Rd1+ 25.Be1 f6 26.Kh2 R8d3 27.Qg4 b5
28.Qh5 Rd8 29.b4 Qb6 30.Qf3 Qd6 31.Bf2 Qd3 32.Re3 Qd5 33.Qh5 Qxa2 34.Bh4 
Qf7 35.Qf3 R1d4 36.Be1 Qd5 37.Qh5 Rd3 38.Re2 e4 39.Bg3 e3 40.Bf2 Qe5+ 41.
Bg3 Qe4 42.Bf2 Re8 43.Be1 Rd5 44.g4 Rc8 45.Kg3 Re5 46.g5 Rxf5 47.h4 fxg5 
48.Qg4 gxh4+ 49.Qxh4 Rf3+ 50.Kh2 Qxh4+ 51.Bxh4 Rc4 52.Be7 Rg4 53.Re1 Rf2+ 
54.Kh3 Re4 55.Bc5 h5 56.Ra1 Rf6 57.Re1 e2 0-1

[Event "4th American Continental (w)"]
[Site "San Luis ARG"]
[Date "2007.09.04"]
[Round "8.7"]
[White "Zepeda Cortez, Sonia"]
[Black "Vargas Talavera, Gabriela"]
[Result "1/2-1/2"]
[WhiteElo "2045"]
[BlackElo "2118"]
[EventDate "2007.08.28"]
[PlyCount "32"]

1.e4 e6 2.d3 d5 3.Nd2 Nf6 4.Ngf3 Bc5 5.Be2 dxe4 6.dxe4 Nc6 7.O-O e5 8.Bb5 
Qe7 9.c3 a5 10.Qe2 O-O 11.h3 Nh5 12.Rd1 Nf4 13.Qf1 Qf6 14.Kh2 Be6 15.Ng1 
Ne7 16.g3 c6 1/2-1/2

[Event "4th American Continental (w)"]
[Site "San Luis ARG"]
[Date "2007.09.04"]
[Round "8.8"]
[White "Carraro, Denise"]
[Black "Ubaldo Suarez, Maria Gisela"]
[Result "0-1"]
[WhiteElo "2048"]
[BlackElo "2077"]
[EventDate "2007.08.28"]
[PlyCount "106"]

1.e4 d5 2.exd5 Qxd5 3.Nc3 Qa5 4.g3 Nf6 5.Bg2 c6 6.Nf3 Bg4 7.O-O Nbd7 8.h3 
Bh5 9.d3 e6 10.Bf4 Be7 11.Re1 O-O 12.Qd2 Qd8 13.g4 Bg6 14.Nh4 Nb6 15.Nxg6 
hxg6 16.Bh2 Nbd5 17.Ne4 a5 18.Qe2 a4 19.a3 Ra6 20.Rad1 Qb6 21.c4 Nc7 22.
Nc3 Rc8 23.Qc2 Qa5 24.d4 Nce8 25.Re5 Qd8 26.Nxa4 Bd6 27.Re2 Bxh2+ 28.Kxh2 
Qd6+ 29.Kg1 Nd7 30.Nc3 Nef6 31.Qc1 Rca8 32.a4 Qb4 33.g5 Nh5 34.d5 cxd5 35.
cxd5 Nc5 36.dxe6 Rxe6 37.Rxe6 Nxe6 38.Nd5 Qb3 39.Nc3 Nhf4 40.Qe3 Nxg2 41.
Kxg2 Qb4 42.Rd7 Qxb2 43.Qg3 Qb6 44.Nd5 Qc6 45.Rd6 Qxa4 46.Ne7+ Kh7 47.h4 
Qe4+ 48.Kh2 Ra1 49.f3 Qe2+ 50.Kh3 Qc4 51.Kh2 Ra2+ 52.Kh3 Nf4+ 53.Kg4 Nh5+ 
0-1

[Event "4th American Continental (w)"]
[Site "San Luis ARG"]
[Date "2007.09.04"]
[Round "8.9"]
[White "Chang, Suzana"]
[Black "Malajovich, Sandra"]
[Result "0-1"]
[WhiteElo "2091"]
[BlackElo "2095"]
[EventDate "2007.08.28"]
[PlyCount "82"]

1.d4 d5 2.c4 Nf6 3.cxd5 Nxd5 4.e4 Nb6 5.Be2 g6 6.h3 Bg7 7.Nf3 O-O 8.O-O 
N8d7 9.a4 a5 10.Be3 Nb8 11.Nc3 Na6 12.Rc1 Nb4 13.Qd2 c6 14.b3 Be6 15.Rb1 
f5 16.Ng5 Bc8 17.exf5 Bxf5 18.Rbc1 e5 19.dxe5 Qxd2 20.Bxd2 Bxe5 21.Be3 
Bxc3 22.Rxc3 N4d5 23.Rc5 Rfe8 24.g4 Bd7 25.Bc4 h6 26.Nf3 Nxc4 27.Rxc4 Nxe3
28.fxe3 Rxe3 29.Rd4 Be6 30.Nd2 Bd5 31.Rf2 Rxh3 32.Rh2 Rxh2 33.Kxh2 Re8 34.
Rd3 Kf7 35.Kg3 Kf6 36.Nf1 Be4 37.Re3 Re6 38.Nd2 Bd5 39.Rd3 Re1 40.Kf2 Ra1 
41.Ke3 Ke5 0-1

[Event "4th American Continental (w)"]
[Site "San Luis ARG"]
[Date "2007.09.04"]
[Round "8.10"]
[White "Burijovich, Liliana"]
[Black "Palao Galan, Maricela"]
[Result "0-1"]
[WhiteElo "2227"]
[BlackElo "2139"]
[EventDate "2007.08.28"]
[PlyCount "102"]

1.e4 c5 2.Nf3 e6 3.d4 cxd4 4.Nxd4 Nf6 5.Nc3 d6 6.Be2 a6 7.a4 Be7 8.O-O O-O
9.Kh1 Qc7 10.f4 b6 11.Bf3 Bb7 12.g4 d5 13.exd5 exd5 14.Be3 Nc6 15.g5 Nxd4 
16.Bxd4 Ne4 17.Qe2 Rfe8 18.Qg2 Bc5 19.Be5 Bd6 20.Bxd6 Qxd6 21.f5 Nxc3 22.
bxc3 Rac8 23.Rad1 Rxc3 24.Bxd5 Bxd5 25.Rxd5 Qc6 26.Rd2 Qxa4 27.g6 Qc6 28.
Rg1 hxg6 29.fxg6 fxg6 30.Ra1 a5 31.Rb1 a4 32.Ra1 b5 33.Qxc6 Rxc6 34.Kg2 
Rec8 35.Ra2 Rc3 36.Kf2 a3 37.Ke2 b4 38.Kd1 R8c4 39.Rf2 Rh4 40.Ra1 Rch3 41.
Kd2 Rxh2 42.Rxh2 Rxh2+ 43.Kd3 Kf7 44.Kc4 Rxc2+ 45.Kxb4 a2 46.Kb3 Rf2 47.
Kc3 g5 48.Kd3 g4 49.Ke3 g3 50.Rc1 Rb2 51.Ra1 g2 0-1

[Event "4th American Continental (w)"]
[Site "San Luis ARG"]
[Date "2007.09.04"]
[Round "8.11"]
[White "Colautti, Marcela"]
[Black "Maggiolo, Elisa"]
[Result "1-0"]
[WhiteElo "1929"]
[BlackElo "2119"]
[EventDate "2007.08.28"]
[PlyCount "95"]

1.Nf3 Nf6 2.c4 g6 3.Nc3 Bg7 4.d4 O-O 5.Bf4 d6 6.h3 Nbd7 7.e3 c6 8.Be2 a6 
9.a4 a5 10.O-O Qe8 11.Bh2 e5 12.dxe5 dxe5 13.Qd6 e4 14.Ne5 Qd8 15.Rfd1 Qb6
16.Rab1 Nc5 17.Rd5 Nxd5 18.Nxd5 Qa7 19.Nf6+ Kh8 20.Neg4 Bf5 21.Be5 Ne6 22.
Nd7 Rad8 23.Ngf6 Ng5 24.Nh5 f6 25.Nxg7 Kxg7 26.Qe7+ Kg8 27.Nxf8 Rxf8 28.
Bxf6 Ne6 29.g4 Rf7 30.Qe8+ Rf8 31.Qe7 Rf7 32.Qd6 Rxf6 33.gxf5 gxf5 34.Kh2 
Qc5 35.Rg1+ Kh8 36.Qd7 Qe5+ 37.Kh1 f4 38.Bg4 Nf8 39.Qxb7 fxe3 40.fxe3 Ng6 
41.Qc8+ Rf8 42.Qd7 Qxb2 43.Bf5 Qf6 44.Bxe4 c5 45.Qg4 Ne5 46.Qh5 Qe7 47.
Bxh7 Ng4 48.Bf5+ 1-0

[Event "4th American Continental (w)"]
[Site "San Luis ARG"]
[Date "2007.09.04"]
[Round "8.13"]
[White "Justo, Virginia"]
[Black "Mateus Urbano, Martha"]
[Result "0-1"]
[WhiteElo "2148"]
[BlackElo "2127"]
[EventDate "2007.08.28"]
[PlyCount "93"]

1.e4 c5 2.Nf3 d6 3.d4 cxd4 4.Nxd4 Nf6 5.f3 e5 6.Nb3 Be6 7.c4 a5 8.Be3 a4 
9.N3d2 Be7 10.Nc3 Qa5 11.Rc1 O-O 12.Be2 Nbd7 13.O-O Bd8 14.Nb5 Bb6 15.Bf2 
Rfd8 16.Nb1 Bxf2+ 17.Rxf2 Nc5 18.N1c3 Qb6 19.Bf1 Ne8 20.g3 Nc7 21.Nxc7 
Qxc7 22.Rd2 Qe7 23.Nb5 Ra6 24.Bg2 Rb6 25.Qe2 Rxb5 26.cxb5 Bxa2 27.Rcd1 Nb3
28.Rd5 Nd4 29.R5xd4 exd4 30.Rxd4 Bb3 31.Qd2 g6 32.f4 Qd7 33.Bf1 Qc7 34.Kh1
Qc5 35.h3 f6 36.Kh2 Kg7 37.Bg2 b6 38.Bf1 h5 39.Be2 Qc7 40.Bd1 Qc5 41.Be2 
Rd7 42.Bf1 Kh7 43.Be2 Kg7 44.Bf1 Kf7 45.Be2 Ke7 46.Kg2 Rc7 47.Kh2 0-1

[Event "4th American Continental (w)"]
[Site "San Luis ARG"]
[Date "2007.09.05"]
[Round "9.1"]
[White "Amura, Claudia"]
[Black "Zuriel, Marisa"]
[Result "1/2-1/2"]
[WhiteElo "2344"]
[BlackElo "2184"]
[EventDate "2007.08.28"]
[PlyCount "41"]

1.d4 Nf6 2.c4 g6 3.Nc3 Bg7 4.e4 d6 5.Be2 O-O 6.Bg5 c5 7.d5 e6 8.Nf3 h6 9.
Bh4 exd5 10.exd5 Re8 11.O-O Bg4 12.h3 Bxf3 13.Bxf3 a6 14.Qd2 Nbd7 15.Rae1 
Qb6 16.Bg3 Rxe1 17.Rxe1 Re8 18.Rf1 Kh7 19.Bf4 Ng8 20.Be2 Ne7 21.g4 1/2-1/2

[Event "4th American Continental (w)"]
[Site "San Luis ARG"]
[Date "2007.09.05"]
[Round "9.2"]
[White "Nejanky, Maisa"]
[Black "Sanchez Castillo, Sarai"]
[Result "1/2-1/2"]
[WhiteElo "2068"]
[BlackElo "2340"]
[EventDate "2007.08.28"]
[PlyCount "69"]

1.e4 e6 2.d4 d5 3.Nc3 Bb4 4.e5 c5 5.Bd2 Ne7 6.Nb5 Bxd2+ 7.Qxd2 O-O 8.c3 
Bd7 9.Nd6 b6 10.f4 Nc8 11.Nxc8 Bxc8 12.Nf3 a5 13.Bd3 Ba6 14.O-O Bxd3 15.
Qxd3 g6 16.Rae1 Nc6 17.a3 cxd4 18.cxd4 a4 19.g4 Qd7 20.Kh1 Rfc8 21.Ng5 h6 
22.Nh3 Ne7 23.f5 exf5 24.gxf5 Nxf5 25.e6 fxe6 26.Nf4 Kh7 27.Rxe6 Rc6 28.
Re5 Rg8 29.Nxg6 Rcxg6 30.Rexf5 Kh8 31.Qe3 Qe6 32.Qxe6 Rxe6 33.Rxd5 Re2 34.
Rb1 Rgg2 35.Rb5 1/2-1/2